Virtuální polytechnická knihovna - Souborný katalog - Úplný záznam dokumentu - MARC Uživatel: --- 
-----nas  22-----zu 4500
001 SKVPK0031876
003 CZ-VPK
005 20260422143938.0
008 260422d20062015||||| | |||  ||   |||||||
040   $aABA013$bcze
222  0$aOdpady 21 : odpadové hospodářství středoevropských zemí : ... mezinárodn
      í konference ... : sborník referátů / [Sdružení pro rozvoj Moravskoslezské
      ho kraje, Fite]
245 00$aOdpady 21 : odpadové hospodářství středoevropských zemí : ... mezinárodn
      í konference ... : sborník referátů / [Sdružení pro rozvoj Moravskoslezské
      ho kraje, Fite]
260   $aČeská Republika :$b Ostrava : Fite, 2008,$c2006-2015
650 07$aspotřební průmysl$xsp$2psh
910   $aABA013$bN 10826$r2006, 2008-2010, 2012-2015
OAI-PMH
 čtvrtek 14.05.2026 05:06:42 © 2001-2015 Národní technická knihovna 

[Virtuální polytechnická knihovna] [Servisní centrum] [Souborný katalog]